LEADER 00989nam a2200217 i 4500 001 000000158317 003 CaOOAMICUS 005 20070205000000.0 008 070205s1880 it u000 u ita u 013 $a135680 040 $aSeMil$bita 100 1 $aDaniele : Comboni .$0(OLS)http://semarc/name/18876 245 10$aQuadro storico delle scoperte africane /$cper monsignor Daniele Comboni, vescovo di Claudiopoli I. P. I. 260 $aVerona :$bTip. S. Giuseppe di A. Merlo condotta da G. Marchiori,$c1880. 300 $a94 p. ;$c18 cm. 650 4$aMissioni - Africa - Sec. 19.$0(OLS)http://semarc/subject/16908 850 $aSeMil 852 $aSeMil$W1$xVenegono$y1$m5C VII 5/9$j225788$B109968$CSeMilBibl$Z2$F119627 $8I 961 $aRecupero: Altro 996 $6245$aQuadro storico delle scoperte africane$9(OLS)http://semarc/title/139680 996 $6260$aVerona :$bTip. S. Giuseppe di A. Merlo condotta da G. Marchiori$9(OLS)http://semarc/publisher/44058 LEADER 01137nam a2200253 i 4500 001 000000208451 003 CaOOAMICUS 005 20111121000000.0 008 111121s1934 xx u000 u fre u 013 $a187236 040 $aSeMil$bita 100 1 $aCalmette, Joseph.$0(OLS)http://semarc/name/22138 245 12$aL'élaboration du monde moderne /$cpar Joseph Calmette, avant-propos de S. Charlety. 260 $aParis :$bPresses Universitaires de France,$c1934. 300 $aXVI, 584 p. ;$c19 cm. 490 0 $aCLIO : introduction aux études historiques ;$v5. 500 $aContiene : Bibliographie générale. 650 4$aEuropa - Sec. 14.-15.$0(OLS)http://semarc/subject/39166 700 1 $aCharlety, Sebastien.$0(OLS)http://semarc/name/20871 830 0$aCLIO : introduction aux études historiques ;$v5.$0(OLS)http://semarc/title/15975 850 $aSeMil 852 $aSeMil$W1$xVenegono$y1$m3T I 206$j158905$B158905$CSeMilBibl$Z2$F170008 $81 996 $6245$aL'élaboration du monde moderne$9(OLS)http://semarc/title/301432 996 $6260$aParis :$bPresses Universitaires de France$9(OLS)http://semarc/publisher/30047